000 02358cam a2200457 i 4500
001 zz2004848179
003 NUKAT
005 20260429213330.0
008 040504s1939 pl |000 0 pol c
035 _a(OCoLC)1413152114
035 _a(NUKAT)zz2004848179
040 _aGD U/TZ
_bpol
_erda
_cGD U/TZ
_dGD U/TZ
_dGD U/TZs
_dGD U/as
_dGD U/MJ
_dOLSZT 008/AL
245 0 0 _aPolska w czasie wielkiej wojny (1914-1918).
_nT. 4,
_pFinanse.
246 1 3 _aFinanse
260 _aWarszawa :
_bTowarzystwo Badania Zagadnień Międzynarodowych,
_c1939
_e(Warszawa :
_fDruk M. Garasiński).
300 _aVIII, 400, [1] strona :
_berrata ;
_c25 cm.
336 _aTekst
_btxt
_2rdacontent
337 _aBez urządzenia pośredniczącego
_bn
_2rdamedia
338 _aWolumin
_bnc
_2rdacarrier
380 _aKsiążki
490 1 _aPolska w czasie wielkiej wojny (1914-1918). Historja społeczna i ekonomiczna / pod red. Marcelego Handelsmana ;
_vt. 4
490 1 _aBiblioteka Historyczna Towarzystwa Badania Zagadnień Międzynarodowych ;
_vt. 4
500 _aStrona przedtytułowa: Wydawnictwo Fundacji Pokojowej Carnegiego. Oddział Ekonomiczno-Historyczny pod redakcją James T. Shotwell'a.
504 _aBibliografia na stronach 380-395.
505 0 _aGospodarka finansowa Rosji, Niemiec i Austro-Węgier na ziemiach polskich w czasie wielkiej wojny / Stanisław Kauzik.
648 7 _a1901-2000
_2DBN
_934996
648 7 _a1914-1918
_2DBN
_936040
650 7 _aGospodarka
_2DBN
_935937
650 7 _aFinanse publiczne
_zPolska
_y1900-1945.
_2kaba
_940948
650 7 _aWojna światowa (1914-1918)
_xaspekt ekonomiczny
_zPolska.
_2kaba
_940949
651 7 _aPolska
_2DBN
_935076
658 _aGospodarka, ekonomia, finanse
700 1 _aHandelsman, Marceli
_d(1882-1945).
_eRedakcja
_9877
700 1 2 _aKauzik, Stanisław
_d(1891-1959).
_tGospodarka finansowa Rosji, Niemiec i Austro-Węgier na ziemiach polskich w czasie wielkiej wojny
_l(pol.)
_940947
700 1 _aKauzik, Stanisław
_d(1891-1959).
_eRedakcja
_940946
710 2 _aCarnegie Corporation of New York.
_eInstytucja sprawcza
_940941
710 2 _aTowarzystwo Badania Zagadnień Międzynarodowych.
_eWydawca
_4pbl
_940942
830 0 _aPolska w czasie wielkiej wojny (1914-1918)
_vt. 4
830 0 _aBiblioteka Historyczna Towarzystwa Badania Zagadnień Międzynarodowych
_vt. 4
_940945
942 _2ddc
_cBK_NM
999 _c27885
_d27885